Autonomous mobile robots : vehicles with cognitive control
Kaydedildi:
| Yazar: | |
|---|---|
| Materyal Türü: | Kitap |
| Dil: | English |
| Baskı/Yayın Bilgisi: |
Singapore ; Teaneck, NJ : World Scientific,
c1991
|
| Seri Bilgileri: | World Scientific Series in automation
|
| Konular: | |
| Etiketler: |
Etiketle
Etiket eklenmemiş, İlk siz ekleyin!
|
MARC
| LEADER | 00000nam a2200000Ia 4500 | ||
|---|---|---|---|
| 003 | 002137 | ||
| 005 | 20221231144000.0 | ||
| 008 | 140114s1991 si a 000 ||eng d | ||
| 040 | |c cru CEDI | ||
| 082 | |a 629.892 M616a | ||
| 100 | |a Meystel, A |9 21315 | ||
| 245 | |a Autonomous mobile robots : vehicles with cognitive control | ||
| 260 | |a Singapore ; Teaneck, NJ : World Scientific, |c c1991 | ||
| 300 | |a xix, 580 páginas. : ilustraciones. ; 23 cm. | ||
| 440 | |a World Scientific Series in automation |n vol. 1 |9 21316 | ||
| 648 | |x ROBOTICA |x SIMULACION POR COMPUTADORA |9 21317 | ||
| 942 | |2 ddc |c BK | ||
| 999 | |c 15151 |d 15151 | ||
